Momo

Guardat en:
Dades bibliogràfiques
Autor principal: Ende, Michael (Autor)
Format: Llibre
Idioma:espanyol
Publicat: Bogotá Alfaguara 1995
Matèries:
Etiquetes: Afegir etiqueta
Sense etiquetes, Sigues el primer a etiquetar aquest registre!

MARC

LEADER 00000nam a2200000 a 4500
001 UCU1288
003 CL-VaPUC
008 960404e19950000CK |||||||||||||||||spa|d
082 0 4 |a 833  |b END  |2 21 
100 0 |a Ende, Michael  |e author  |9 237 
245 1 0 |a Momo 
300 |a 255 p 
942 |c BK 
945 |d 19960404 00:00:00  |a rbrito 
260 |a Bogotá  |b Alfaguara  |c 1995 
650 0 |a Novelas alemanas   |9 265783 
583 |a last modification  |c 19960404 00:00:00  |k Rodrigo Vera 
999 |c 245956  |d 245954